The experience of American

Uloženo v:
Podrobná bibliografie
Hlavní autor: Louis D. Rubin
Médium: Kniha
Jazyk:Undetermined
Vydáno: London Collier-MacMillan 1969
Témata:
Tagy: Přidat tag
Žádné tagy, Buďte první, kdo otaguje tento záznam!
Thư viện lưu trữ: Trung tâm Học liệu Trường Đại học Cần Thơ
LEADER 00476nam a2200169Ia 4500
001 CTU_767
008 210402s9999 xx 000 0 und d
082 |a 428 
082 |b E96 
100 |a Louis D. Rubin 
245 4 |a The experience of American 
245 0 |c Louis D. Rubin, R.H. W. Dillard 
260 |a London 
260 |b Collier-MacMillan 
260 |c 1969 
650 |a english language - study and teaching 
980 |a Trung tâm Học liệu Trường Đại học Cần Thơ